=LDR 00000nam 2200000 4500 =001 NUTBA000000000001501 =990 ##$$a 20611697 =005 20210114101926 =990 ##$$a 30700952 =035 ##$$a 0010-041400000000771 =990 ##$$a 20611701 =008 210114################g##########0#ind## =990 ##$$a 20611700 =020 ##$$a 979-421-662-3 =990 ##$$a 20611699 =082 ##$$a 334 =990 ##$$a 20611698 =090 ##$$a 334 Hen k =990 ##$$a 20611696 =100 ##$$a Hendrojogi =990 ##$$a 30700951 =245 1#$$a Koperasi : $b Asas-asas, teori dan praktik /$c Drs. Hendrojogi, M.Sc. =260 ##$$a Jakarta :$b Raja Grafindo,$c 2004 =300 ##$$a xxii, 389 hlm ; $c 21 x 14 cm. =084 ##$$a 334 HEN k =650 #4$$a Koperasi =990 ##$$a 30700952 =990 ##$$a 20611701 =990 ##$$a 20611700 =990 ##$$a 20611699 =990 ##$$a 20611697 =990 ##$$a 20611698 =990 ##$$a 20611696 =990 ##$$a 30700951 =990 ##$$a 20611699 =990 ##$$a 30700952 =990 ##$$a 20611701 =990 ##$$a 20611700 =990 ##$$a 20611697 =990 ##$$a 20611698 =990 ##$$a 20611696 =990 ##$$a 30700951 =990 ##$$a 20611698 =990 ##$$a 30700952 =990 ##$$a 20611701 =990 ##$$a 20611700 =990 ##$$a 20611699 =990 ##$$a 20611697 =990 ##$$a 20611696 =990 ##$$a 30700951